00689nam a22001937a 450000500170000000800410001702200130005808200460007110000370011710000310015424501040018526000600028930000220034944000270037165000340039865000180043265000240045065000210047420160627195857.0160506b xxu||||| |||| 00| 0 spa d a03793982 aTecnología en Marcha Vol 25, N° 6 2012 aHernández Navarro, Juan Rafael aMora Sánchez, Amílkar  aPromoción del Desarrollo Económico Local (DEL): experiencias desde el turismo rural comunitario aCosta RicabEditorial Tecnológica de Costa Ricac2012 apáginas 104-111 aTecnología en Marcha aDESARROLLO ECONÓMICO LOCAL aTURISMO RURAL aTURISMO COMUNITARIO aDESARROLLO RURAL